Una relazione

Uloženo v:
Podrobná bibliografie
Hlavní autor: Cassola, Carlo
Médium: Kniha
Jazyk:angličtina
Tagy: Přidat tag
Žádné tagy, Buďte první, kdo vytvoří štítek k tomuto záznamu!

MARC

LEADER 00000nam a2200000 4500
001 CDOM0000002855
003 mi
005 20250916114014.0
008 250916b |||||||| |||| 00| 0 eng d
040 |c mi 
100 |a Cassola, Carlo 
245 1 |a Una relazione  
942 |2 ddc  |c BK 
952 |0 0  |1 0  |2 ddc  |4 0  |7 0  |9 6288  |a MI  |b MI  |d 2006-11-22  |i 5277  |l 0  |p CDOM5277  |r 2025-07-13 16:28:00  |w 2025-07-13  |x DONO  |y BK 
999 |c 5040  |d 5040